| 000 -LEADER |
| fixed length control field |
00549nam a22001697a 4500 |
| 005 - DATE AND TIME OF LATEST TRANSACTION |
| control field |
20240313102439.0 |
| 008 - FIXED-LENGTH DATA ELEMENTS--GENERAL INFORMATION |
| fixed length control field |
240313s2006 ru ||||| |||| 00| 0 rus d |
| 020 ## - INTERNATIONAL STANDARD BOOK NUMBER |
| International Standard Book Number |
5982810037 |
| 041 ## - LANGUAGE CODE |
| Language code of text/sound track or separate title |
rus |
| 080 ## - UNIVERSAL DECIMAL CLASSIFICATION NUMBER |
| Universal Decimal Classification number |
008(075.8) K-90 |
| 100 ## - MAIN ENTRY--PERSONAL NAME |
| Personal name |
Драч, Г.В. |
| 9 (RLIN) |
21401 |
| 245 ## - TITLE STATEMENT |
| Title |
Культурология: |
| Remainder of title |
Учебное пособие / |
| Statement of responsibility, etc. |
Ред. Г.В. Драч. |
| 264 ## - PRODUCTION, PUBLICATION, DISTRIBUTION, MANUFACTURE, AND COPYRIGHT NOTICE |
| Place of production, publication, distribution, manufacture |
М.: |
| Name of producer, publisher, distributor, manufacturer |
Альфа-М. Инфра-М, |
| Date of production, publication, distribution, manufacture, or copyright notice |
2006. |
| 300 ## - PHYSICAL DESCRIPTION |
| Extent |
414 с. |
| Other physical details |
22 см. |
| 700 ## - ADDED ENTRY--PERSONAL NAME |
| Personal name |
Драч, Г. В. |
| Relator term |
რედაქტორი |
| 9 (RLIN) |
21402 |
| 942 ## - ADDED ENTRY ELEMENTS (KOHA) |
| Source of classification or shelving scheme |
|
| Koha item type |
წიგნი |